| 000 | 00617nam a2200193 a 4500 | ||
|---|---|---|---|
| 005 | 20210223123001.0 | ||
| 008 | 991125s1987 mx 000 0 spa u | ||
| 020 | _a9681622928 | ||
| 035 | _aUPN01000045149 | ||
| 049 | _aCG | ||
| 050 | 4 |
_aF1234 C3 _bK7.8 |
|
| 100 | 1 |
_aKrauze, Enrique, _d1947- _928570 |
|
| 245 | 1 | 0 |
_aPlutarco E. Calles : _breformar desde el origen / _cEnrique Krauze ; investigación reconográfica por Aurelio de los Reyes. |
| 260 |
_aMéxico : _bFCE, _c1987. |
||
| 300 |
_a154 p. : _bfots. |
||
| 440 | 0 |
_aBiografía del poder ; _v7 |
|
| 600 | 1 | 4 |
_aELIAS CALLES, PLUTARCO, _d1877-1945 |
| 905 | _aLibro | ||
| 999 |
_c45149 _d45149 |
||